[Event "21st ch-EUR Indiv w 2021"]
[Site "Iasi ROU"]
[Date "2021.08.09"]
[Round "1.1"]
[White "Batsiashvili, Nino"]
[Black "Navrotescu, Andreea"]
[Result "1-0"]
[WhiteTitle "GM"]
[BlackTitle "WIM"]
[WhiteElo "2487"]
[BlackElo "2249"]
[WhiteFideId "13602993"]
[BlackFideId "675946"]
[EventDate "2021.08.09"]

1. d4 d5 2. c4 e6 3. Nf3 Nf6 4. Nc3 c6 5. Bg5 Nbd7 6. e3 Qa5 7. Bd3 Ne4 8. Bxe4
dxe4 9. Ne5 f6 10. Nxd7 Bxd7 11. Bf4 h5 12. h4 O-O-O 13. Qc2 e5 14. dxe5 Bf5 15.
exf6 gxf6 16. O-O Bd6 17. Bxd6 Rxd6 18. Rfd1 Re6 19. Nd5 Rd8 20. b4 Qa3 21. Nf4
Red6 22. Rxd6 Rxd6 23. Qb3 Qxb3 24. axb3 Bg4 25. Rxa7 Rd1+ 26. Kh2 Kb8 27. Ra3
Rb1 28. Kg3 Bd1 29. c5 f5 30. f3 exf3 31. gxf3 Bxb3 32. Nxh5 Bf7 33. Nf6 Rxb4
34. Ra1 Rc4 35. h5 Bxh5 36. Nxh5 Rxc5 37. Kf4 b5 38. Ng3 b4 39. Nxf5 1-0

[Event "21st ch-EUR Indiv w 2021"]
[Site "Iasi ROU"]
[Date "2021.08.09"]
[Round "1.2"]
[White "Krasteva, Beloslava"]
[Black "Khotenashvili, Bela"]
[Result "1/2-1/2"]
[WhiteTitle "FM"]
[BlackTitle "GM"]
[WhiteElo "2243"]
[BlackElo "2471"]
[WhiteFideId "2922029"]
[BlackFideId "13602640"]
[EventDate "2021.08.09"]

1. d4 Nf6 2. c4 g6 3. Nc3 d5 4. cxd5 Nxd5 5. e4 Nxc3 6. bxc3 Bg7 7. Be3 c5 8.
Rc1 Qa5 9. Qd2 O-O 10. Nf3 Rd8 11. h4 cxd4 12. cxd4 Nc6 13. d5 Qxd2+ 14. Bxd2
Nd4 15. h5 Bd7 16. Nxd4 Bxd4 17. hxg6 hxg6 18. Bc3 Bxc3+ 19. Rxc3 Rac8 20. Rxc8
Rxc8 21. Kd2 e6 22. Bd3 exd5 23. exd5 Rc5 24. Be4 Ra5 25. Rc1 Rxa2+ 26. Ke3 Kf8
27. Rc7 Ke7 28. Rxb7 f5 29. Bd3 Ra3 30. Kd4 Kd6 31. f4 Ra2 32. g3 Ra1 33. Bc4
Rd1+ 34. Bd3 a5 35. Kc3 a4 36. Rb1 Rxb1 37. Bxb1 Kc5 38. Ba2 Be8 39. Bc4 a3 40.
Ba2 Kd6 41. Bb3 Kc5 42. Ba2 Ba4 43. d6 Kxd6 1/2-1/2

[Event "21st ch-EUR Indiv w 2021"]
[Site "Iasi ROU"]
[Date "2021.08.09"]
[Round "1.3"]
[White "Javakhishvili, Lela"]
[Black "Ciolacu, Alessia-Mihaela"]
[Result "1-0"]
[WhiteTitle "IM"]
[BlackTitle "WFM"]
[WhiteElo "2470"]
[BlackElo "2241"]
[WhiteFideId "13601458"]
[BlackFideId "1252640"]
[EventDate "2021.08.09"]

1. d4 Nf6 2. c4 e6 3. g3 d5 4. Bg2 Bb4+ 5. Bd2 a5 6. Nf3 dxc4 7. Qc2 Bxd2+ 8.
Qxd2 c6 9. a4 Ne4 10. Qf4 Nd6 11. Na3 O-O 12. Ne5 Na6 13. O-O Nb4 14. Nexc4 Nxc4
15. Nxc4 b6 16. b3 Ba6 17. Bf3 Ra7 18. Rfd1 Rd7 19. Ne5 Rd6 20. e3 Nd5 21. Qg4
f5 22. Qh5 Rf6 23. Rac1 Bb7 24. Qh4 Qf8 25. Bg2 Rh6 26. Qg5 Qe8 27. Nc4 Rd8 28.
e4 fxe4 29. Bxe4 Rh5 30. Qd2 Rc8 31. Nd6 Qd7 32. Nxc8 Qxc8 33. Qe2 Rh6 34. Bxd5
exd5 35. Re1 Qf8 36. Qe7 Bc8 37. Qe8 Rf6 38. Rxc6 1-0

[Event "21st ch-EUR Indiv w 2021"]
[Site "Iasi ROU"]
[Date "2021.08.09"]
[Round "1.4"]
[White "Gevorgyan, Maria"]
[Black "Mammadzada, Gunay"]
[Result "0-1"]
[WhiteTitle "WGM"]
[BlackTitle "IM"]
[WhiteElo "2232"]
[BlackElo "2460"]
[WhiteFideId "13300270"]
[BlackFideId "13403729"]
[EventDate "2021.08.09"]

1. e4 c5 2. Nf3 d6 3. d4 cxd4 4. Nxd4 Nf6 5. Nc3 a6 6. h4 Nc6 7. Nb3 b5 8. Be3
Ng4 9. Bf4 e5 10. Bg5 Be7 11. Be2 Nf6 12. Bxf6 Bxf6 13. g3 Be6 14. Nd5 Be7 15.
Qd2 O-O 16. O-O-O Bxd5 17. Qxd5 Qb6 18. Bg4 a5 19. Kb1 a4 20. Nc1 b4 21. Ne2 Ra5
22. Qd2 Rd8 23. Qe3 Qc7 24. Rd5 Rxd5 25. exd5 Na5 26. Rd1 Nc4 27. Qf3 g6 28. h5
Bg5 29. hxg6 hxg6 30. Qd3 a3 31. Be6 Kg7 32. Bxf7 Kxf7 33. b3 Nd2+ 34. Rxd2 Bxd2
35. Qxd2 Rc8 36. f4 e4 37. f5 gxf5 38. c4 Qe7 39. Qxb4 e3 40. Qxa3 Rh8 41. Qa6
Rh2 42. c5 dxc5 43. Kb2 Qf6+ 0-1

[Event "21st ch-EUR Indiv w 2021"]
[Site "Iasi ROU"]
[Date "2021.08.09"]
[Round "1.5"]
[White "Bodnaruk, Anastasia"]
[Black "Gajcin, Marina"]
[Result "1-0"]
[WhiteTitle "IM"]
[BlackTitle "WIM"]
[WhiteElo "2449"]
[BlackElo "2219"]
[WhiteFideId "4181751"]
[BlackFideId "949086"]
[EventDate "2021.08.09"]

1. e4 c5 2. b3 Nc6 3. Bb2 e5 4. Bc4 d6 5. Ne2 Nf6 6. d3 Be7 7. O-O O-O 8. f4 a6
9. a4 b6 10. h3 Rb8 11. Nbc3 Nd4 12. Bd5 Bd7 13. Ng3 b5 14. axb5 axb5 15. f5 b4
16. Na4 Nxd5 17. exd5 Qc8 18. Bxd4 cxd4 19. Nb2 Ra8 20. Nc4 Rxa1 21. Qxa1 Qb7
22. Ne4 f6 23. Ncxd6 Bxd6 24. Nxd6 Qxd5 25. Ne4 Ra8 26. Qe1 Qb5 27. g4 Ra2 28.
g5 Rxc2 29. Qg3 fxg5 30. f6 h6 31. Nxg5 Be8 32. f7+ Bxf7 33. Nxf7 Rc6 34. Nxe5
Re6 35. Ng6 Qg5 36. Qxg5 hxg5 37. Nf8 Re3 38. Kg2 Rxd3 39. Ne6 Rxb3 40. Nxd4 Rd3
41. Nf3 Kh7 42. Re1 Rd6 43. Rb1 Rb6 44. Rb3 Kg6 45. Nd4 Kh5 46. Kg3 Rb7 47. Nc2
Rc7 48. Nxb4 Rb7 49. Rb2 Re7 50. Nd5 Re5 51. Rd2 Re1 52. Rd3 Rg1+ 53. Kh2 Re1
54. Ne3 Re2+ 55. Kg3 Re1 56. Ng4 Rg1+ 57. Kf2 Ra1 58. Kg2 Ra2+ 59. Kg3 Ra5 60.
Re3 Rb5 61. Ne5 Rb1 62. Nf3 Rf1 63. Re5 Kh6 64. Kg2 Ra1 65. Rxg5 Ra3 66. Rf5
Ra2+ 67. Kg3 Ra4 68. h4 Kg6 69. Rd5 Kh6 70. Ne5 Ra3+ 71. Nd3 Ra1 72. Nf4 Kh7 73.
h5 Rg1+ 74. Kh4 Rh1+ 75. Nh3 Kg8 76. Kg4 Ra1 77. Ng5 Rg1+ 78. Kf4 Rf1+ 79. Kg3
Rg1+ 80. Kf2 1-0

[Event "21st ch-EUR Indiv w 2021"]
[Site "Iasi ROU"]
[Date "2021.08.09"]
[Round "1.6"]
[White "Urh, Zala"]
[Black "Efroimski, Marsel"]
[Result "0-1"]
[WhiteTitle "WIM"]
[BlackTitle "IM"]
[WhiteElo "2216"]
[BlackElo "2446"]
[WhiteFideId "14611481"]
[BlackFideId "2810964"]
[EventDate "2021.08.09"]

1. d4 d5 2. c4 dxc4 3. e4 b5 4. a4 c6 5. b3 e5 6. d5 Qh4 7. Qf3 cxd5 8. axb5 Nf6
9. bxc4 Nxe4 10. Ba3 Bxa3 11. Nxa3 Qe7 12. Nc2 Bb7 13. cxd5 Bxd5 14. Qe3 O-O 15.
Nf3 Nf6 16. Be2 Rc8 17. Rc1 Be4 18. Bd1 Nbd7 19. O-O Qc5 20. Qg5 h6 21. Qh4 Qxb5
22. Nd2 Bd3 23. Re1 Qb2 24. Rb1 Qc3 0-1

[Event "21st ch-EUR Indiv w 2021"]
[Site "Iasi ROU"]
[Date "2021.08.09"]
[Round "1.7"]
[White "Arabidze, Meri"]
[Black "Gaboyan, Susanna"]
[Result "1/2-1/2"]
[WhiteTitle "IM"]
[BlackTitle "WIM"]
[WhiteElo "2438"]
[BlackElo "2215"]
[WhiteFideId "13604040"]
[BlackFideId "13303627"]
[EventDate "2021.08.09"]

1. Nf3 d5 2. g3 c5 3. Bg2 Nc6 4. d4 Nf6 5. O-O cxd4 6. Nxd4 e5 7. Nxc6 bxc6 8.
c4 Be6 9. Nc3 Be7 10. Bg5 e4 11. cxd5 cxd5 12. Qa4+ Qd7 13. Qxd7+ Nxd7 14. Bxe7
Kxe7 15. Rfd1 Nf6 16. Rac1 Rab8 17. b3 Rhc8 18. f3 exf3 19. exf3 Rc7 20. Ne2
Rxc1 21. Rxc1 Rc8 22. Kf2 Kd6 23. Ke3 Rxc1 24. Nxc1 Ng8 25. g4 Ne7 26. Bf1 g5
27. Bd3 f5 28. gxf5 Bxf5 29. Ne2 Bxd3 30. Kxd3 Nc6 31. a3 g4 32. fxg4 Ne5+ 33.
Kd4 Nxg4 34. h3 Ne5 35. Ke3 a5 36. Nd4 Nc6 37. Kd3 Nxd4 38. Kxd4 h6 39. h4 h5
40. Kc3 Ke5 41. Kd3 d4 42. b4 axb4 43. axb4 Kd5 44. b5 Kc5 45. b6 Kxb6 46. Kxd4
Kc6 47. Ke5 Kd7 48. Kf5 Ke7 49. Kg5 Kf7 50. Kxh5 Kg7 51. Kg5 1/2-1/2

[Event "21st ch-EUR Indiv w 2021"]
[Site "Iasi ROU"]
[Date "2021.08.09"]
[Round "1.8"]
[White "Semenova, Elena1"]
[Black "Girya, Olga"]
[Result "0-1"]
[WhiteTitle "WIM"]
[BlackTitle "WGM"]
[WhiteElo "2212"]
[BlackElo "2425"]
[WhiteFideId "24125148"]
[BlackFideId "4195752"]
[EventDate "2021.08.09"]

1. e4 e5 2. Nf3 Nc6 3. Bc4 Bc5 4. c3 Nf6 5. d3 d6 6. O-O h6 7. Re1 O-O 8. Nbd2
a5 9. Nf1 a4 10. Bb5 a3 11. b4 Bb6 12. Ne3 Ne7 13. Qc2 c6 14. Ba4 Ng6 15. c4 Nh5
16. Bb3 Nhf4 17. c5 Bc7 18. Rd1 Qf6 19. Rb1 Nxg2 20. Nf5 Bxf5 21. exf5 Qxf5 22.
d4 Qxf3 23. Qxg6 Qxd1+ 24. Bxd1 fxg6 25. cxd6 Bxd6 26. dxe5 Bxe5 27. Kxg2 Bf4
28. Bf3 Bxc1 29. Rxc1 Rf4 30. Rb1 Raf8 31. Rb3 Rxf3 32. Rxf3 Rxf3 33. Kxf3 Kf7
34. Ke4 Ke6 35. f4 b6 36. h3 Kf6 37. h4 g5 38. hxg5+ hxg5 39. fxg5+ Kxg5 0-1

[Event "21st ch-EUR Indiv w 2021"]
[Site "Iasi ROU"]
[Date "2021.08.09"]
[Round "1.9"]
[White "Badelka, Olga"]
[Black "Ghukasyan, Siranush"]
[Result "1-0"]
[WhiteTitle "IM"]
[BlackTitle "WIM"]
[WhiteElo "2418"]
[BlackElo "2194"]
[WhiteFideId "13509926"]
[BlackFideId "13300946"]
[EventDate "2021.08.09"]

1. d4 d5 2. c4 e6 3. Nc3 Nf6 4. cxd5 exd5 5. Bg5 c6 6. Qc2 Be7 7. e3 Nbd7 8. Bd3
O-O 9. Nge2 Re8 10. O-O Nf8 11. f3 h6 12. Bh4 Ne6 13. Rad1 b5 14. Kh1 Bd7 15.
Bf2 Rc8 16. Qd2 a6 17. e4 dxe4 18. fxe4 Ng4 19. Bg1 Bg5 20. Qe1 Ne3 21. Bxe3
Bxe3 22. e5 c5 23. Ne4 cxd4 24. Nd6 Re7 25. Qh4 Rc7 26. Qe4 Ng5 27. Qh4 Ne6 28.
Bf5 Ng5 29. Nxd4 Rxe5 30. Bxd7 Qxd7 31. N4f5 Qe6 32. Qg3 Bc5 33. h4 g6 34. hxg5
Kh7 1-0

[Event "21st ch-EUR Indiv w 2021"]
[Site "Iasi ROU"]
[Date "2021.08.09"]
[Round "1.10"]
[White "Zherebtsova, Alexandra"]
[Black "Osmak, Iulija"]
[Result "0-1"]
[WhiteTitle "WFM"]
[BlackTitle "IM"]
[WhiteElo "2188"]
[BlackElo "2418"]
[WhiteFideId "24129518"]
[BlackFideId "14101602"]
[EventDate "2021.08.09"]

1. d4 Nf6 2. Nf3 e6 3. g3 d5 4. Bg2 b5 5. O-O Bb7 6. c3 Nbd7 7. a4 b4 8. a5 Ba6
9. Re1 Be7 10. Nbd2 O-O 11. e4 c5 12. Ne5 Rc8 13. exd5 exd5 14. Nf1 bxc3 15.
bxc3 Ne4 16. Ne3 Nxc3 17. Qf3 cxd4 18. N3g4 Nxe5 19. Nxe5 Bf6 20. Bh3 Rc7 21.
Bf4 Re7 22. Ng4 Re4 23. Bd2 Ne2+ 24. Kh1 Bg5 25. Bb4 Rfe8 26. Qf5 Bc8 27. Qf3 h5
28. Nh6+ Bxh6 29. Bxc8 Qxc8 30. Qxh5 Qc4 31. Rab1 Nc3 0-1

[Event "21st ch-EUR Indiv w 2021"]
[Site "Iasi ROU"]
[Date "2021.08.09"]
[Round "1.11"]
[White "Buksa, Nataliya"]
[Black "Makropoulou, Marina"]
[Result "1/2-1/2"]
[WhiteTitle "IM"]
[BlackTitle "WGM"]
[WhiteElo "2413"]
[BlackElo "2186"]
[WhiteFideId "14123622"]
[BlackFideId "4200187"]
[EventDate "2021.08.09"]

1. e4 c5 2. Nf3 e6 3. d4 cxd4 4. Nxd4 Nc6 5. Nc3 Qc7 6. Be2 a6 7. Be3 Nf6 8. O-O
Be7 9. f4 d6 10. Kh1 O-O 11. Qe1 Nxd4 12. Bxd4 b5 13. Qg3 Bb7 14. a3 g6 15. f5
Rac8 16. Bd3 Qd8 17. Qh3 e5 18. Be3 Rxc3 19. bxc3 Nxe4 20. Bh6 Re8 21. Rae1 d5
22. Bxe4 dxe4 23. Rd1 Qc8 24. Rd7 e3 25. fxg6 hxg6 26. Bxe3 Bc6 27. Rxf7 Kxf7
28. Qh7+ Kf6 29. Qh4+ Kf7 30. Qh7+ Kf6 31. Qh4+ Kf7 32. Qh7+ 1/2-1/2

[Event "21st ch-EUR Indiv w 2021"]
[Site "Iasi ROU"]
[Date "2021.08.09"]
[Round "1.12"]
[White "Gvanceladze, Anna"]
[Black "Bulmaga, Irina"]
[Result "0-1"]
[WhiteTitle "WFM"]
[BlackTitle "IM"]
[WhiteElo "2182"]
[BlackElo "2413"]
[WhiteFideId "4113721"]
[BlackFideId "13903063"]
[EventDate "2021.08.09"]

1. d4 Nf6 2. Nf3 e6 3. g3 c5 4. c3 b6 5. Bg2 Bb7 6. O-O Be7 7. Nbd2 O-O 8. b3 d5
9. Bb2 cxd4 10. cxd4 Nc6 11. Ne5 Nxe5 12. dxe5 Nd7 13. Nf3 Rc8 14. Rc1 Rxc1 15.
Qxc1 Qb8 16. Qf4 Ba6 17. Rc1 h6 18. h4 Bxe2 19. Nd4 Bh5 20. Nc6 Qe8 21. Qa4 Nc5
22. Qxa7 Qxc6 23. Qxe7 Qa8 24. Ra1 Qb8 25. Bd4 Rd8 26. Bxc5 bxc5 27. Qxc5 d4 28.
Be4 d3 29. f3 Rc8 30. Qd4 f5 31. Bxd3 Rd8 32. Qe3 Rxd3 33. Qxd3 Qxe5 34. Rd1
Qxg3+ 35. Kf1 Bxf3 36. Rd2 Bg2+ 37. Kg1 Bf3+ 38. Kf1 Qg4 39. Rf2 Be4 40. Qd8+
Kh7 41. Ke1 Bd5 42. Rd2 Qg1+ 43. Ke2 f4 44. Kd3 Qc5 45. Qd7 Bc6 46. Qd4 Bb5+ 47.
Ke4 Qf5+ 48. Kf3 Bc6+ 49. Kf2 e5 50. Qc5 Qf6 51. h5 Qh4+ 52. Kf1 Qh1+ 53. Kf2
Bf3 54. Rc2 Qxh5 55. Ke1 Qh1+ 56. Kd2 Be4 57. Rc1 Qf3 58. Rc3 Qg2+ 59. Kc1 f3
60. Rxf3 Qxf3 61. Qxe5 Qe2 62. Qc5 Qxa2 63. b4 Qd5 64. Qe7 Qg5+ 0-1

[Event "21st ch-EUR Indiv w 2021"]
[Site "Iasi ROU"]
[Date "2021.08.09"]
[Round "1.13"]
[White "Maltsevskaya, Aleksandra"]
[Black "Katkov, Michelle"]
[Result "1/2-1/2"]
[WhiteTitle "WGM"]
[BlackTitle "WFM"]
[WhiteElo "2409"]
[BlackElo "2173"]
[WhiteFideId "24174041"]
[BlackFideId "2816393"]
[EventDate "2021.08.09"]

1. d4 Nf6 2. c4 e6 3. Nf3 b6 4. a3 Bb7 5. Nc3 d5 6. Bg5 Be7 7. Qa4+ Qd7 8. Qxd7+
Nbxd7 9. Nb5 O-O 10. cxd5 exd5 11. Ne5 Bd8 12. Nxd7 Nxd7 13. Bxd8 Raxd8 14. Nxa7
c6 15. Rc1 Rfe8 16. b4 Re6 17. b5 c5 18. g3 Ra8 19. Nc6 Bxc6 20. bxc6 Rxc6 21.
Rc3 Nf6 22. Bg2 Rac8 23. dxc5 Rxc5 24. Rxc5 bxc5 25. Kd2 Kf8 26. e3 Ra8 27. Ra1
Ne4+ 28. Bxe4 dxe4 29. a4 Ke7 30. Kc3 Ra5 31. Kb3 Kd6 32. Rd1+ Kc7 33. Rd2 g6
34. g4 Ra8 35. Rd5 Kc6 36. Re5 Rb8+ 37. Ka3 Rb4 38. Re7 Kd5 39. Rxf7 Kc4 40. a5
Rb5 41. Rxh7 Kc3 42. Ka4 Rb4+ 43. Ka3 Rb5 44. Ka4 1/2-1/2

[Event "21st ch-EUR Indiv w 2021"]
[Site "Iasi ROU"]
[Date "2021.08.09"]
[Round "1.14"]
[White "Hapala, Elisabeth"]
[Black "Daulyte-Cornette, Deimante"]
[Result "1/2-1/2"]
[WhiteTitle "WFM"]
[BlackTitle "IM"]
[WhiteElo "2160"]
[BlackElo "2408"]
[WhiteFideId "1622080"]
[BlackFideId "12802859"]
[EventDate "2021.08.09"]

1. e4 e5 2. Nf3 Nc6 3. Bb5 a6 4. Ba4 d6 5. O-O Bd7 6. c3 g6 7. d4 Bg7 8. Re1 Nf6
9. Nbd2 O-O 10. h3 exd4 11. cxd4 Nb4 12. e5 Bxa4 13. Qxa4 Nfd5 14. Qb3 a5 15.
Ne4 Qd7 16. a3 a4 17. Qc4 b5 18. Qe2 Nc6 19. exd6 cxd6 20. Qxb5 Ra5 21. Qd3 Rb8
22. Bd2 Rab5 23. Qc4 Na5 24. Bxa5 Rxa5 25. Rac1 Nf4 26. Qc7 Qxc7 27. Rxc7 Ne6
28. Rd7 Nxd4 29. Nxd4 Bxd4 30. Rxd6 Bxb2 31. Rb1 Raa8 32. Rd7 f5 33. Nc5 Bxa3
34. Rxb8+ Rxb8 35. Nxa4 Rb1+ 36. Kh2 Rb3 37. Rd5 Kf7 38. g3 Ke6 39. Nc5+ Kxd5
40. Nxb3 Kc4 41. Nd2+ Kd3 42. Nf3 Ke2 43. Kg2 Bc5 44. Ng1+ Ke1 45. Nf3+ Ke2 46.
Ng1+ Ke1 47. Nf3+ 1/2-1/2

[Event "21st ch-EUR Indiv w 2021"]
[Site "Iasi ROU"]
[Date "2021.08.09"]
[Round "1.15"]
[White "Danielian, Elina"]
[Black "Toncheva, Nadya"]
[Result "1-0"]
[WhiteTitle "GM"]
[BlackTitle "FM"]
[WhiteElo "2407"]
[BlackElo "2156"]
[WhiteFideId "13300210"]
[BlackFideId "2924056"]
[EventDate "2021.08.09"]

1. Nf3 c5 2. c4 Nc6 3. Nc3 g6 4. e3 Bg7 5. d4 cxd4 6. exd4 d6 7. h3 Nf6 8. d5
Nb8 9. Be2 O-O 10. O-O Nbd7 11. Be3 Nc5 12. Rc1 a5 13. b3 Nfe4 14. Nb5 Bd7 15.
Nfd4 f5 16. Rc2 f4 17. Bc1 h5 18. Re1 Rf7 19. Bd3 Nxd3 20. Qxd3 Nc5 21. Qxg6 Rf6
22. Qg5 Nd3 23. Ne6 1-0

[Event "21st ch-EUR Indiv w 2021"]
[Site "Iasi ROU"]
[Date "2021.08.09"]
[Round "1.16"]
[White "Cosman, Andreea-Marioara"]
[Black "Unuk, Laura"]
[Result "0-1"]
[WhiteTitle "WFM"]
[BlackTitle "IM"]
[WhiteElo "2143"]
[BlackElo "2407"]
[WhiteFideId "1217968"]
[BlackFideId "14609215"]
[EventDate "2021.08.09"]

1. d4 Nf6 2. c4 e6 3. Nc3 Bb4 4. e3 O-O 5. Ne2 d5 6. a3 Be7 7. cxd5 exd5 8. Nf4
c6 9. Bd3 Na6 10. O-O Nc7 11. Bd2 Re8 12. f3 c5 13. Nfe2 b6 14. Rc1 Bb7 15. Be1
Bd6 16. Bf2 c4 17. Bb1 b5 18. Ng3 a5 19. e4 dxe4 20. Ncxe4 Bf8 21. Qc2 g6 22. a4
Bd5 23. Nxf6+ Qxf6 24. Ne4 Qd8 25. axb5 Nxb5 26. Nc3 Nxc3 27. Qxc3 Re2 28. Rcd1
Rb8 29. Be4 Rbxb2 30. Bxd5 Qxd5 31. Rc1 Bh6 32. Rb1 Rb3 33. Qa1 Qb5 34. d5 Qxd5
35. Qf6 Bg7 36. Qa6 Re8 37. Rbc1 c3 38. Rfd1 Qg5 39. h4 Qf5 40. Qc6 Rc8 41. Qa6
Rcb8 42. Qc6 Qf4 43. Ba7 Rf8 44. Bc5 Be5 45. Bxf8 Qh2+ 46. Kf1 Rb2 0-1

[Event "21st ch-EUR Indiv w 2021"]
[Site "Iasi ROU"]
[Date "2021.08.09"]
[Round "1.17"]
[White "Hoang, Thanh Trang"]
[Black "Grigorieva, Yulia"]
[Result "0-1"]
[WhiteTitle "GM"]
[BlackTitle "WFM"]
[WhiteElo "2404"]
[BlackElo "2140"]
[WhiteFideId "12400149"]
[BlackFideId "34104868"]
[EventDate "2021.08.09"]

1. d4 Nf6 2. Nf3 e6 3. e3 b6 4. Bd3 Bb7 5. O-O d5 6. b3 Bd6 7. Bb2 O-O 8. c4
Nbd7 9. cxd5 exd5 10. Nc3 a6 11. Rc1 Qe7 12. Qc2 Ne4 13. Ne2 Rac8 14. Ng3 f5 15.
Qe2 Ra8 16. Rc2 g6 17. Rfc1 Rfc8 18. Nf1 h6 19. Ne1 c6 20. f3 Kh7 21. Qd1 Nef6
22. Re2 a5 23. a4 Re8 24. Bb1 Ba6 25. Bd3 Bb7 26. g3 Nf8 27. Ng2 Ne6 28. Qc2 Ng5
29. Nh4 Nfe4 30. Rg2 Rf8 31. Kh1 Nh3 32. Qe2 g5 33. Nxf5 Rxf5 34. Nd2 c5 35.
dxc5 Bxc5 36. fxe4 dxe4 37. Bb1 Raf8 38. Rf1 Qf7 39. Rxf5 Qxf5 40. g4 Nf2+ 41.
Kg1 Nh3+ 42. Kh1 Qe6 43. Bc2 Kg8 44. Rg3 Rf2 45. Qd1 Qf7 46. Bc3 Rxd2 47. Bxd2
Nf2+ 48. Kg2 Nxd1 49. Bxd1 Qd7 0-1

[Event "21st ch-EUR Indiv w 2021"]
[Site "Iasi ROU"]
[Date "2021.08.09"]
[Round "1.18"]
[White "Novosadova, Kristyna"]
[Black "Milliet, Sophie"]
[Result "1/2-1/2"]
[WhiteTitle "WIM"]
[BlackTitle "IM"]
[WhiteElo "2138"]
[BlackElo "2403"]
[WhiteFideId "328065"]
[BlackFideId "623725"]
[EventDate "2021.08.09"]

1. e4 d6 2. d4 Nf6 3. Nc3 e5 4. Nf3 Nbd7 5. Bc4 Be7 6. O-O O-O 7. a4 c6 8. Re1
h6 9. Bf1 b6 10. d5 Bb7 11. b4 cxd5 12. Nxd5 Nxd5 13. exd5 f5 14. c4 a5 15. bxa5
Rxa5 16. Bd2 Ra7 17. Bb4 Nc5 18. a5 Bf6 19. axb6 Qxb6 20. Rb1 Ba6 21. Nd2 Qc7
22. Nb3 Nxb3 23. Qxb3 Kh8 24. c5 dxc5 25. Bxa6 cxb4 26. Qxb4 Rd8 27. Rec1 Qd7
28. Qb6 Raa8 29. Bb7 Rab8 30. Rc7 Qd6 31. Qxd6 Rxd6 32. Rb5 e4 33. Kf1 Be5 34.
Re7 Bf6 35. Rc7 Be5 36. Rc8+ Rd8 37. Rxd8+ 1/2-1/2

[Event "21st ch-EUR Indiv w 2021"]
[Site "Iasi ROU"]
[Date "2021.08.09"]
[Round "1.19"]
[White "Zawadzka, Jolanta"]
[Black "Pavlidou, Ekaterini"]
[Result "1-0"]
[WhiteTitle "WGM"]
[BlackTitle "WIM"]
[WhiteElo "2403"]
[BlackElo "2136"]
[WhiteFideId "1122320"]
[BlackFideId "4213262"]
[EventDate "2021.08.09"]

1. e4 c5 2. Nf3 Nc6 3. d4 cxd4 4. Nxd4 e5 5. Nb5 d6 6. c4 Be6 7. Bd3 g6 8. O-O
a6 9. N5c3 Bg7 10. Nd5 Nf6 11. Nbc3 Nd7 12. Be3 O-O 13. Qd2 Rc8 14. Rad1 Kh8 15.
b3 f5 16. f4 g5 17. exf5 Bxd5 18. fxg5 Bg8 19. f6 Nxf6 20. gxf6 Rxf6 21. Bf5 Be6
22. Bxe6 Rxe6 23. Ne4 Qh4 24. Nxd6 Rxd6 25. Qxd6 Rd8 26. Qc7 Rg8 27. Qf7 Qe4 28.
Qf3 Qg6 29. g3 Rf8 30. Qd5 Rg8 31. Rd2 h6 32. Qd6 Qh5 33. Qc7 Qg6 34. Rd6 Qe4
35. Bxh6 Kh7 36. Bd2 Kh8 37. Qf7 Rf8 38. Qh5+ Kg8 39. Rxf8+ Kxf8 40. Rd7 1-0

[Event "21st ch-EUR Indiv w 2021"]
[Site "Iasi ROU"]
[Date "2021.08.09"]
[Round "1.20"]
[White "Rozman, Monika"]
[Black "Socko, Monika"]
[Result "1/2-1/2"]
[WhiteTitle "WFM"]
[BlackTitle "GM"]
[WhiteElo "2122"]
[BlackElo "2393"]
[WhiteFideId "14609118"]
[BlackFideId "1106619"]
[EventDate "2021.08.09"]

1. e4 c6 2. d4 d5 3. Nc3 dxe4 4. Nxe4 Nf6 5. Nxf6+ exf6 6. c3 Bd6 7. Bd3 O-O 8.
Ne2 Re8 9. Qc2 h5 10. Be3 Nd7 11. O-O-O Nf8 12. Nf4 Bg4 13. Rde1 Qc7 14. g3 Bf3
15. Rhg1 c5 16. d5 c4 17. Be2 Bxe2 18. Qxe2 g6 19. Qf3 Nd7 20. Bd4 Be5 21. Be3
Rad8 22. Rd1 Qd6 23. Ng2 b5 24. g4 hxg4 25. Qxg4 f5 26. Qf3 b4 27. Nh4 f4 28.
Nf5 Qf6 29. Nh6+ Kg7 30. Ng4 Qa6 31. Nxe5 Nxe5 32. Bd4 Qxa2 33. cxb4 f6 34. Bxe5
Rxe5 35. d6 Qa6 36. Kb1 Rxd6 37. Qxf4 Rxd1+ 38. Rxd1 Qc6 39. Qd4 Re7 40. Qd5 Qb6
41. Qc5 Qxc5 42. bxc5 Rc7 43. Rd5 Kf7 44. Kc2 Ke6 45. Rd6+ Kf5 46. Rd5+ Ke4 47.
Rd6 Kf5 48. Rd5+ Ke4 49. Rd6 1/2-1/2

[Event "21st ch-EUR Indiv w 2021"]
[Site "Iasi ROU"]
[Date "2021.08.09"]
[Round "1.21"]
[White "Tsolakidou, Stavroula"]
[Black "Petrova, Irina"]
[Result "1-0"]
[WhiteTitle "IM"]
[BlackTitle "WIM"]
[WhiteElo "2389"]
[BlackElo "2110"]
[WhiteFideId "4264312"]
[BlackFideId "14124122"]
[EventDate "2021.08.09"]

1. d4 d6 2. Nf3 Nd7 3. e4 Ngf6 4. e5 Ng8 5. e6 fxe6 6. Ng5 Ndf6 7. Bd3 Nh6 8.
Qe2 e5 9. dxe5 dxe5 10. Bc4 Bg4 11. f3 Bf5 12. Be3 e4 13. O-O e5 14. Nc3 Bd6 15.
Ncxe4 Qe7 16. Rad1 Bd7 17. Nxd6+ cxd6 18. Ne4 Nf5 19. Nxd6+ Nxd6 20. Bc5 O-O-O
21. Bxd6 Qe8 22. Qe3 Bc6 23. Qxa7 Rxd6 24. Rxd6 e4 25. Rxc6+ Qxc6 26. Qa8+ Kc7
27. Qxh8 Qc5+ 28. Rf2 e3 29. Qxg7+ Nd7 30. Re2 Qxc4 31. Qc3 1-0

[Event "21st ch-EUR Indiv w 2021"]
[Site "Iasi ROU"]
[Date "2021.08.09"]
[Round "1.22"]
[White "Froewis, Annika"]
[Black "Mkrtchian, Lilit"]
[Result "0-1"]
[WhiteTitle "WFM"]
[BlackTitle "IM"]
[WhiteElo "2107"]
[BlackElo "2388"]
[WhiteFideId "1621432"]
[BlackFideId "13300601"]
[EventDate "2021.08.09"]

1. e4 e6 2. d4 d5 3. exd5 exd5 4. Nf3 Bd6 5. c4 Nf6 6. Bd3 dxc4 7. Bxc4 O-O 8.
O-O h6 9. h3 Nc6 10. Nc3 Bf5 11. a3 a6 12. Ba2 Qd7 13. Re1 Rfe8 14. Rxe8+ Rxe8
15. Be3 Bxh3 16. gxh3 Qxh3 17. Bc4 Ng4 18. Bf1 Bh2+ 19. Kh1 Qh5 20. Qd2 Bf4+ 21.
Kg2 Nxe3+ 22. fxe3 Rxe3 23. Be2 Qg4+ 0-1

[Event "21st ch-EUR Indiv w 2021"]
[Site "Iasi ROU"]
[Date "2021.08.09"]
[Round "1.23"]
[White "Sargsyan, Anna M."]
[Black "Narva, Triin"]
[Result "1-0"]
[WhiteTitle "WGM"]
[BlackTitle "WFM"]
[WhiteElo "2388"]
[BlackElo "2100"]
[WhiteFideId "13308130"]
[BlackFideId "4502680"]
[EventDate "2021.08.09"]

1. d4 g6 2. c4 Bg7 3. g3 c5 4. Nf3 d6 5. Bg2 Nc6 6. dxc5 Qa5+ 7. Nbd2 Qxc5 8.
O-O Nh6 9. a3 Qh5 10. h4 O-O 11. Ne4 Ng4 12. Ra2 h6 13. Bd2 Bf5 14. Nc3 Be6 15.
b3 Nf6 16. Qb1 d5 17. cxd5 Nxd5 18. Rc1 Rfd8 19. Na4 Bg4 20. Be1 Rac8 21. Rd2 e6
22. b4 Kh7 23. Rdd1 Nf6 24. Rxd8 Rxd8 25. Nc5 b6 26. Nxe6 Bxe6 27. Rxc6 Qb5 28.
e3 Bd5 29. Rc7 Be4 30. Qb3 Bd5 31. Qc2 Be4 32. a4 Qf5 33. Qe2 Nd5 34. Rc1 Qd7
35. Ng5+ hxg5 36. Bxe4 g4 37. h5 f5 38. hxg6+ Kh6 39. Bg2 Qxa4 40. e4 Qa3 41.
Bd2+ Kxg6 42. exd5 1-0